Normal view
MARC view
Entry Personal Name
001 - CONTROL NUMBER
- control field: 60100
003 - CONTROL NUMBER IDENTIFIER
- control field: dpl
005 - DATE AND TIME OF LATEST TRANSACTION
- control field: 20231221111652.0
008 - FIXED-LENGTH DATA ELEMENTS
- fixed length control field: 231221|| aca||aabn | a|a d
040 ## - CATALOGING SOURCE
- Original cataloging agency: dpl
- Transcribing agency: dpl
100 ## - HEADING--PERSONAL NAME
- Personal name: Holland, Norman
670 ## - SOURCE DATA FOUND
- Source citation: Work cat.: (dpl)199749: Holland, Norman, Workbook Core Concepts in Pharmacology/
